FC Augsburg Squad 2017-2018 - Statistics

General Stats
  • This quiz has been taken 5 times
  • The average score is 16 of 30
Answer Stats
# Position Nation Player % Correct
27 FW Iceland Alfreð Finnbogason
80%
30 FW Brazil Caiuby
80%
22 FW South Korea Dong-won Ji
80%
20 MF Serbia Gojko Kačar
80%
14 MF Czech Republic Jan Morávek
80%
35 GK Switzerland Marwin Hitz
80%
11 FW Austria Michael Gregoritsch
80%
16 DF Germany Christoph Janker
60%
10 MF Germany Daniel Baier
60%
4 DF Ghana Daniel Opare
60%
13 GK Germany Fabian Giefer
60%
24 GK Greece Ioannis Gelios
60%
19 MF South Korea Ja-cheol Koo
60%
6 DF Netherlands Jeffrey Gouweleeuw
60%
38 DF Austria Kevin Danso
60%
3 DF Greece Konstantinos Stafylidis
60%
- Coach Germany Manuel Baum
60%
31 DF Germany Philipp Max
60%
21 FW Venezuela Sergio Córdova
60%
1 GK Germany Andreas Luthe
40%
26 MF Germany Erik Thommy
40%
17 FW France Jonathan Schmid
40%
7 FW Germany Marcel Heller
40%
23 FW Germany Marco Richter
40%
36 DF Austria Martin Hinteregger
40%
8 MF Tunisia Rani Khedira
40%
32 DF Germany Raphael Framberger
40%
18 DF Germany Jan-Ingwer Callsen-Bracker
20%
9 FW Germany Shawn Parker
20%
25 DF Germany Kilian Jakob
0%
No matching quizzes found
Score Distribution
Percent of People with Each Score
Percentile by Number Answered
Your Score History
You have not taken this quiz